000 00486nam a2200157 a 4500
001 000036551
005 20200930075808.0
008 120120s1974 sp 000 0 spa d
040 _aDO-SdBNP
_bspa
_cBNPHU
082 _axxx
_bW582v
100 1 _aWhite, Patrick
_962807
245 1 4 _aLos vivos y los muertos /
_cPatrick White.
260 _aBarcelona :
_bBarral Editores,
_c1974.
300 _a413 p. ;
_c21 cm.
500 _aIncluye datos biográficos del autor en la solapa de la cubierta
999 _c36042
_d36042